Ancient lamps in the J. Paul Getty Museum /

"An examination of the hundreds of ancient lamps in the J. Paul Getty Museum collection that are made from clay, bronze, and stone, and date from the end of the 6th century BC to the 7th century AD"--Provided by publisher.

Saved in:
Bibliographic Details
Main Authors: Bussière, J. (Author), Wohl, Birgitta, 1934- (Author)
Corporate Author: J. Paul Getty Museum, (Author)
Format: Book
Language:English
Published: Los Angeles : J. Paul Getty Museum, [2017]
Edition:First edition.
Subjects:
Tags: Add Tag
No Tags, Be the first to tag this record!
LEADER 02498cam a2200517 i 4500
001 13050004
005 20180207151549.0
008 180125t20172017caua bc 001 0 eng c
010 |a  2016037209 
035 |a (OCoLC)ocn957077609 
040 |a JPG/DLC  |b eng  |e rda  |c JPG  |d DLC  |d OCLCF  |d YDX  |d BDX  |d BTCTA  |d OCLCQ  |d OCLCO  |d FSJ  |d NNC 
020 |a 9781606065136  |q (pbk.) 
020 |a 1606065130  |q (pbk.) 
035 |a (OCoLC)957077609 
042 |a pcc 
043 |a mm-----  |a n-us-ca 
050 0 0 |a NK4680  |b .J2 2017 
082 0 0 |a 749/.63  |2 23 
049 |a ZCUA 
110 2 |a J. Paul Getty Museum,  |e author,  |e issuing body. 
245 1 0 |a Ancient lamps in the J. Paul Getty Museum /  |c Jean Bussière, Birgitta Lindros Wohl. 
250 |a First edition. 
264 1 |a Los Angeles :  |b J. Paul Getty Museum,  |c [2017] 
264 4 |c ©2017 
300 |a 513 pages :  |b color illustrations ;  |c 28 cm 
336 |a text  |b txt  |2 rdacontent 
337 |a unmediated  |b n  |2 rdamedia 
338 |a volume  |b nc  |2 rdacarrier 
520 |a "An examination of the hundreds of ancient lamps in the J. Paul Getty Museum collection that are made from clay, bronze, and stone, and date from the end of the 6th century BC to the 7th century AD"--Provided by publisher. 
504 |a Includes bibliographical references and index. 
505 2 |a Index of discus decors -- Index of signatures and inscriptions -- Index of donors and vendors -- Concordance of accession numbers and catalogue numbers -- Concordance of lamps formerly classified as forgeries. 
610 2 0 |a J. Paul Getty Museum  |v Catalogs. 
650 0 |a Lamps, Ancient  |z Mediterranean Region  |v Catalogs. 
651 0 |a Mediterranean Region  |x Antiquities  |v Catalogs. 
650 0 |a Lamps  |z California  |z Los Angeles  |v Catalogs. 
610 2 7 |a J. Paul Getty Museum.  |2 fast  |0 (OCoLC)fst00532097 
650 7 |a Antiquities.  |2 fast  |0 (OCoLC)fst00810745 
650 7 |a Lamps.  |2 fast  |0 (OCoLC)fst00991176 
650 7 |a Lamps, Ancient.  |2 fast  |0 (OCoLC)fst00991184 
651 7 |a California  |z Los Angeles.  |2 fast  |0 (OCoLC)fst01204540 
651 7 |a Mediterranean Region.  |2 fast  |0 (OCoLC)fst01239752 
655 7 |a Catalogs.  |2 fast  |0 (OCoLC)fst01423692 
700 1 |a Bussière, J.  |q (Jean),  |e author. 
700 1 |a Wohl, Birgitta,  |d 1934-  |e author. 
776 0 8 |i Online version:  |a J. Paul Getty Museum, author, issuing body.  |t Ancient lamps in the J. Paul Getty Museum.  |b First edition.  |d Los Angeles : J. Paul Getty Museum, 2017  |z 9781606065143  |w (DLC) 2016038887 
852 0 0 |b faxlc  |h NK4680  |i .J2 2017